BIBLIOTECA

SENCICO

Legislación, Empleados Públicos (Registro nro. 3150)

Detalles MARC
000 -LEADER
fixed length control field 00448nam a2200193Ia 4500
005 - DATE AND TIME OF LATEST TRANSACTION
control field 20251020182604.0
008 - FIXED-LENGTH DATA ELEMENTS--GENERAL INFORMATION
fixed length control field 200515s9999 xx 000 0 und d
082 ## - DEWEY DECIMAL CLASSIFICATION NUMBER
Classification number SC/351.83(85)/U68
100 ## - MAIN ENTRY--PERSONAL NAME
Personal name URQUIZO Pérez, Jorge
245 #0 - TITLE STATEMENT
Title Legislación, Empleados Públicos
260 ## - PUBLICATION, DISTRIBUTION, ETC.
Place of publication, distribution, etc. Arequipa
260 ## - PUBLICATION, DISTRIBUTION, ETC.
Date of publication, distribution, etc. 1978
300 ## - PHYSICAL DESCRIPTION
Extent 280
650 ## - SUBJECT ADDED ENTRY--TOPICAL TERM
Topical term or geographic name entry element DECRETOS
650 ## - SUBJECT ADDED ENTRY--TOPICAL TERM
Topical term or geographic name entry element LEGISLACION
650 ## - SUBJECT ADDED ENTRY--TOPICAL TERM
Topical term or geographic name entry element MANUAL
650 ## - SUBJECT ADDED ENTRY--TOPICAL TERM
Topical term or geographic name entry element RESOLUCIONES
942 ## - ADDED ENTRY ELEMENTS (KOHA)
Koha item type Libros
Existencias
Fecha de la última vez que lo usaron Pago total Signatura topográfica completa Código de barras Precio efectivo desde Tipo de documento Estado perdido Estado dañado No es para préstamo Retirado Ubicación permanente Ubicación actual Fecha de adquisición
15/05/2020   SC/351.83(85)/U68 Bib-Lima15053150 15/05/2020 Libros         Biblioteca Central Lima Biblioteca Central Lima 15/05/2020